LEADER 03402 am 2200541 n 450 001 9910136496803321 005 20160720 010 $a2-7535-4714-9 024 7 $a10.4000/books.pur.39161 035 $a(CKB)3710000000858571 035 $a(FrMaCLE)OB-pur-39161 035 $a(oapen)https://directory.doabooks.org/handle/20.500.12854/50764 035 $a(PPN)267933347 035 $a(EXLCZ)993710000000858571 100 $a20160920j|||||||| ||| 0 101 0 $afre 135 $auu||||||m|||| 181 $ctxt$2rdacontent 182 $cc$2rdamedia 183 $acr$2rdacarrier 200 10$aJacques Roubaud $eProse de la mémoire et errance chevaleresque /$fFlorence Marsal 210 $aRennes $cPresses universitaires de Rennes$d2016 215 $a1 online resource (228 p.) 311 $a2-7535-1175-6 330 $aLa littérature médiévale inspire et informe l??uvre du poète et romancier oulipien Jacques Roubaud depuis les années 1970. Ses essais La fleur inverse et Graal Fiction, ou encore Graal Théâtre, ambitieuse adaptation dramatique de la légende arthurienne écrite en collaboration avec Florence Delay, en sont les signes les plus évidents. L?intertexte arthurien, s?il est plus discret dans le cycle du Grand Incendie de Londres, n?en éclaire pas moins les errances de la mémoire et de la prose. Le lecteur doit exercer une mémoire immense devant ces milliers de pages qui relatent et relient des événements survenus à de nombreuses années d?intervalle. Car le narrateur, comme les meilleurs chevaliers d?Arthur, fait preuve d?une extrême disponibilité, mais aussi d?une grande persévérance, pour suivre tous les chemins mémoriels qui s?offrent à lui, sans jamais perdre de vue la droite voie de la prose. Sa principale stratégie narrative est l?entrelacement imité du cycle du Livre du Graal, en particulier de la branche centrale qu?est le Lancelot en prose. Dans Le Grand Incendie de Londres, la mémoire est aussi aventureuse que la forêt médiévale, et le texte volontairement digressif, en arborescence. La fonction du récit est de continuer d?exister, malgré les souvenirs les plus douloureux, qui fonctionnent dans le texte comme un autre Graal, c?est-à-dire un signe qui met la prose en marche, mais qui la menace lorsqu?il apparaît trop clairement. Le présent volume étudie les nombreuses stratégies d?« évitisme » mises en ?uvre par la prose arthurienne pour que l?aventure de l?écrit ne s?achève pas, parce que ces stratégies servent de modèle à Jacques Roubaud, qui trouve dans le Grand Incendie de Londres une nouvelle forme-prose de la mémoire. 606 $aMedieval & Renaissance Studies 606 $aLiterature (General) 606 $aroman 606 $aTable ronde 606 $aprose 606 $alittérature médiévale 610 $aprose 610 $alittérature médiévale 610 $aroman 610 $aTable ronde 615 4$aMedieval & Renaissance Studies 615 4$aLiterature (General) 615 4$aroman 615 4$aTable ronde 615 4$aprose 615 4$alittérature médiévale 700 $aMarsal$b Florence$01287384 701 $aBerthelot$b Anne$0162982 801 0$bFR-FrMaCLE 906 $aBOOK 912 $a9910136496803321 996 $aJacques Roubaud$93020151 997 $aUNINA